Normal view
MARC view
Entry Personal Name
001 - CONTROL NUMBER
- control field: 25397
003 - CONTROL NUMBER IDENTIFIER
- control field: Doon University
005 - DATE AND TIME OF LATEST TRANSACTION
- control field: 20250320151342.0
008 - FIXED-LENGTH DATA ELEMENTS
- fixed length control field: 250320|| aca||aabn | a|a d
040 ## - CATALOGING SOURCE
- Original cataloging agency: Doon University
- Transcribing agency: Doon University
100 ## - HEADING--PERSONAL NAME
- Personal name: Pfeiffer, Erich A
670 ## - SOURCE DATA FOUND
- Source citation: Work cat.: (Doon University)59501: Cromwell, Leslie 25395, Biomedical instrumentation and measurements, 2024